| 000 | 00454nam a2200193Ia 4500 | ||
|---|---|---|---|
| 999 |
_c19211 _d19211 |
||
| 003 | 0100 | ||
| 005 | 20190719120927.0 | ||
| 008 | 130303s9999 xx 000 0 und d | ||
| 020 | _a0198287976 | ||
| 040 | _cARRUPELIB | ||
| 050 | _aHN25.Q33 1993 | ||
| 245 | 4 | _aThe quality of life | |
| 260 |
_aOxford _bClarendon Press _c1993 |
||
| 300 | _axi | ||
| 300 | _b 453p. 24cm. | ||
| 650 |
_aSocial values _xCongresses _947328 |
||
| 700 |
_aNussbaum, Martha C. (ed.) and Sen, Amartya (ed.) _947329 |
||
| 942 | 0 | 0 |
_02 _2lcc _cMONOGRAPH |